Fair Cynthia's sorrowful sighs : being her stedfast resolution to find out her beloved Coydon : to a pleasant new tune.

Bibliographic Details
Format: eBook
Language:English
Published: [London] : Printed for P. Brooksby ..., [1688]
Series:Early English books online.
Subjects:
Online Access:Connect to the full text of this electronic book

MARC

Tag First Indicator Second Indicator Subfields
LEADER 00000nam a2200000Ia 4500
001 in00004308317
005 20200810091340.0
006 m g d
007 cr bn |||a|bb|
008 921106s1688 enk o 00| | eng d
035 |a (OCoLC)26923917 
040 |a EAG  |c EAG  |d WaOLN 
037 |a CL0037000064  |b ProQuest Information and Learning. 300 N. Zeeb Rd., Ann Arbor, MI 48106 
090 |a PR3291.A1  |b F34 1688 
049 |a EAGA 
245 0 0 |a Fair Cynthia's sorrowful sighs :  |b being her stedfast resolution to find out her beloved Coydon : to a pleasant new tune. 
260 |a [London] :  |b Printed for P. Brooksby ...,  |c [1688] 
300 |a 1 online resource (1 sheet ([1] pages). 
336 |a text  |b txt  |2 rdacontent 
337 |a computer  |b c  |2 rdamedia 
338 |a online resource  |b cr  |2 rdacarrier 
500 |a Includes music. 
500 |a Reproduction of original in Bodleian Library. 
510 4 |a Wing (2nd edition)  |c F95 
533 |a Electronic reproduction.  |b Ann Arbor, Mich. :  |c UMI,  |d 1999-  |f (Early English books online)  |n Digital version of: (Early English books, 1641-1700 ; 1716:7)  |7 s1999 miun s 
650 0 |a Ballads, English  |y 17th century. 
655 7 |a Broadsides  |z England  |y 17th century.  |2 rbgenr 
830 0 |a Early English books online. 
856 4 0 |u http://proxy.library.tamu.edu/login?url=https://search.proquest.com/docview/2248531214  |z Connect to the full text of this electronic book  |t 0 
999 f f |s ffeb5c21-0164-30af-908c-3405b322fc36  |i 387627d6-a206-3af0-9edb-1028e9775c52  |t 0 
952 f f |a Texas A&M University  |b College Station  |c Electronic Resources  |d Available Online  |t 0  |e PR3291.A1 F34 1688  |h Library of Congress classification 
998 f f |a PR3291.A1 F34 1688  |t 0  |l Available Online